000 01907cam a2200277zu 4500
001 88974425
003 FRCYB88974425
005 20251020124312.0
006 m o d
007 cr un
008 251020s2025 fr | o|||||0|0|||fre d
020 _a9782200639587
035 _aFRCYB88974425
040 _aFR-PaCSA
_bfr
_c
_erda
100 1 _aMoron, Vincent
245 0 1 _aLes climats
_bCaractéristiques, fonctionnements, variabilité
_c['Moron, Vincent']
264 1 _bArmand Colin
_c2025
300 _a p.
336 _btxt
_2rdacontent
337 _bc
_2rdamdedia
338 _bc
_2rdacarrier
650 0 _a
700 0 _aMoron, Vincent
856 4 0 _2Cyberlibris
_uhttps://international.scholarvox.com/netsen/book/88974425
_qtext/html
_a
520 _aLe climat terrestre change… et c’est désormais pratiquement sous le seul angle de sa variation contemporaine et future, majoritairement induite par le forçage anthropique, qu’il est envisagé. Le climat ne peut cependant se réduire, ni à cette tendance, ni au seul mécanisme de l'effet de serre. Il est d’abord un des éléments fondamentaux de l’environnement terrestre, et donc, à ce titre, le cadre plus ou moins structurant de nombreux éléments environnementaux et sociétaux. Cet ouvrage présente à la fois les climats terrestres selon une approche géographique classique à partir de la structuration offerte par le cycle annuel des températures et des précipitations moyennes mensuelles. Le degré de détermination et l’action des climats sera ensuite envisagé au travers de plusieurs éléments environnementaux (végétation, rendement) et sociétaux (population, PNB, Indice de développement humain). Enfin, les bases du fonctionnement physique et de la variabilité du climat seront analysées, pour permettre une contextualisation du réchauffement climatique à l'oeuvre.
999 _c1556912
_d1556912